[Event "SweCh MElit"]
[Site "Umeå, Sweden"]
[Date "2003.07.07"]
[Round "8"]
[White "Winge, Stefan"]
[Black "Nygren, Kim"]
[Result "1-0"]
[WhiteElo "2278"]
[BlackElo "2311"]
[PlyCount "71"]
[EventDate "2003.06.29"]
[SourceDate "2003.06.29"]

1. e4 c5 2. Nf3 Nc6 3. d4 cxd4 4. Nxd4 e5 5. Nb5 d6 6. c4 Be7 7. N1c3 a6 8. Na3
f5 9. exf5 Bxf5 10. Nc2 Nf6 11. Ne3 Be6 12. Be2 O-O 13. O-O Nd4 14. b3 Rc8 15.
Bb2 Qd7 16. Na4 Nxe2+ 17. Qxe2 Qc6 18. Nc3 Bd8 19. Rad1 Bb6 20. Kh1 Bxe3 21.
Qxe3 Ng4 22. Qd2 Rf4 23. h3 Rcf8 24. f3 Rd4 25. Qe2 Rxd1 26. Rxd1 Nh6 27. Qd3
Nf5 28. Ne4 Qb6 29. Ng5 Qf2 30. Nxe6 Ne3 31. Rg1 Rxf3 32. Ng5 Rf5 33. Ne4 Qf4
34. Bc1 d5 35. Bxe3 dxe4 36. Qd5+ 1-0

[Event "SweCh MElit"]
[Site "Umeå, Sweden"]
[Date "2003.07.07"]
[Round "8"]
[White "Eriksson, Anders"]
[Black "Engström, Kaj"]
[Result "0-1"]
[WhiteElo "2334"]
[BlackElo "2361"]
[PlyCount "46"]
[EventDate "2003.06.29"]
[SourceDate "2003.06.29"]

1. d4 Nf6 2. Bg5 d5 3. Bxf6 exf6 4. e3 c6 5. Bd3 Qb6 6. Qc1 Na6 7. a3 Nc7 8.
Ne2 Ne6 9. Nd2 g6 10. c4 dxc4 11. Nxc4 Qd8 12. b4 Bg7 13. O-O O-O 14. a4 f5 15.
f4 Re8 16. Ra3 Nc7 17. Bb1 Be6 18. Na5 Rb8 19. Nb3 Nd5 20. b5 Nxe3 21. Rf3 Ng4
22. Qd2 Bc4 23. Nbc1 Bxd4+ 0-1

[Event "SweCh MElit"]
[Site "Umeå, Sweden"]
[Date "2003.07.07"]
[Round "8"]
[White "Couso, Luis"]
[Black "Lundin, Anders"]
[Result "1-0"]
[WhiteElo "2394"]
[BlackElo "2247"]
[PlyCount "101"]
[EventDate "2003.06.29"]
[SourceDate "2003.06.29"]

1. e4 c5 2. Nf3 e6 3. Nc3 Nc6 4. d4 cxd4 5. Nxd4 d6 6. Be2 Nf6 7. O-O Be7 8.
Be3 O-O 9. f4 a6 10. a4 Qc7 11. Kh1 Re8 12. Bd3 Nb4 13. a5 Bd7 14. Nf3 Rac8 15.
Bd4 Nxd3 16. cxd3 Bc6 17. Qe1 g6 18. Qd2 Nd7 19. Ng5 Rf8 20. f5 Qd8 21. Nxh7
Kxh7 22. Rf3 e5 23. Rh3+ Bh4 24. Bf2 g5 25. g3 Rg8 26. gxh4 g4 27. Re3 Nf6 28.
d4 d5 29. Rd1 Nxe4 30. Nxe4 dxe4 31. d5 Bd7 32. Rxe4 Bxf5 33. Rxe5 Qd7 34. Qf4
Bg6 35. h5 Bc2 36. Be3 Rg7 37. Rd2 Bb1 38. Qh6+ Kg8 39. Bd4 f5 40. Kg1 Rh7 41.
Qg5+ Rg7 42. Qf6 Rf8 43. Qh6 Rh7 44. Qg5+ Rg7 45. Qf4 Qc7 46. Rd1 Be4 47. Rc1
Qd8 48. Re6 Qg5 49. Qxg5 Rxg5 50. Rc7 Bxd5 51. Rh6 1-0

[Event "SweCh MElit"]
[Site "Umeå, Sweden"]
[Date "2003.07.07"]
[Round "8"]
[White "Larsson, Victor"]
[Black "Hamark, Jesper"]
[Result "0-1"]
[WhiteElo "2093"]
[BlackElo "2350"]
[PlyCount "120"]
[EventDate "2003.06.29"]
[SourceDate "2003.06.29"]

1. e4 c5 2. Nf3 e6 3. d4 cxd4 4. Nxd4 Nc6 5. Nc3 Qc7 6. Be2 a6 7. O-O b5 8.
Nxc6 dxc6 9. Be3 Bb7 10. f4 Be7 11. f5 Nf6 12. fxe6 fxe6 13. Bf4 e5 14. Bg5 O-O
15. Qe1 Bc8 16. a4 Be6 17. axb5 axb5 18. Rxa8 Rxa8 19. Qg3 Rf8 20. Bd3 Nh5 21.
Rxf8+ Bxf8 22. Qh4 Qa7+ 23. Kf1 Qa1+ 24. Ke2 g6 25. Nd1 Qa7 26. Be3 Qd7 27. Nc3
Qd6 28. Ke1 Be7 29. Qf2 Nf4 30. Bf1 Qb4 31. Bc1 Bc5 32. Qd2 Bc4 33. g3 Ne6 34.
Ne2 Bxe2 35. Bxe2 Nd4 36. Qxb4 Nxc2+ 37. Kf1 Nxb4 38. Bd2 Nc2 39. Bc3 Bd4 40.
Bd3 Ne3+ 41. Ke2 Ng4 42. h3 Bxc3 43. bxc3 Nf6 44. Kf3 g5 45. Be2 Kf8 46. h4 h6
47. hxg5 hxg5 48. Ke3 Ke7 49. Kd3 Kd6 50. Bd1 Kc5 51. Bb3 Nh5 52. g4 Nf6 53.
Be6 b4 54. Bf5 Kb5 55. cxb4 Kxb4 56. Bc8 c5 57. Be6 Ne8 58. Bd5 Nd6 59. Kc2 c4
60. Ba8 Kc5 0-1

[Event "SweCh MElit"]
[Site "Umeå, Sweden"]
[Date "2003.07.07"]
[Round "8"]
[White "Malmstig, Erik"]
[Black "Jonsson, Mikael"]
[Result "0-1"]
[WhiteElo "2377"]
[BlackElo "2314"]
[PlyCount "142"]
[EventDate "2003.06.29"]
[SourceDate "2003.06.29"]

1. d4 Nf6 2. Bg5 Ne4 3. Bf4 d5 4. f3 Nf6 5. Nc3 e6 6. e3 Bd6 7. Bg5 c6 8. Qd2
Nbd7 9. e4 Bb4 10. e5 h6 11. Be3 Ng8 12. a3 Bxc3 13. Qxc3 Ne7 14. g4 b6 15. Ne2
Ba6 16. Qd2 c5 17. f4 Nc6 18. O-O-O Qc7 19. f5 Bxe2 20. Bxe2 cxd4 21. Bxd4 Nxd4
22. Qxd4 O-O-O 23. Rhe1 Kb8 24. Bf3 Rc8 25. Re2 Rhe8 26. Kb1 Qc4 27. c3 Qb3 28.
Rc1 Nc5 29. Qb4 Qxb4 30. axb4 Nd7 31. Rd1 Rc4 32. Re3 Rec8 33. Be2 Rf4 34. Rf1
Rxf1+ 35. Bxf1 Kc7 36. Bb5 Nb8 37. fxe6 fxe6 38. Rf3 Kb7 39. Kc2 a6 40. Bd3 Nc6
41. Rf7+ Rc7 42. Bxa6+ Kb8 43. Rf8+ Ka7 44. b5 Nxe5 45. h3 Re7 46. Rg8 Ng6 47.
Rd8 Nf4 48. Bc8 Nxh3 49. Bd7 Kb7 50. Bc6+ Kc7 51. Ra8 Nf4 52. Ra7+ Kd6 53. Ra6
e5 54. Rxb6 e4 55. Ba8+ Kc5 56. Rb8 e3 57. b4+ Kd6 58. Rb6+ Ke5 59. Rc6 Ng2 60.
Rc5 e2 61. Bxd5 e1=Q 62. Bxg2+ Kf4 63. Bf1 Ke3 64. Rf5 Qd2+ 65. Kb3 Qd1+ 66.
Kb2 Ra7 67. b6 Qd2+ 68. Kb1 Ra2 69. Re5+ Kf4 70. Re2 Rb2+ 71. Ka1 Qc1# 0-1

[Event "SweCh MElit"]
[Site "Umeå, Sweden"]
[Date "2003.07.08"]
[Round "9"]
[White "Lundin, Anders"]
[Black "Malmstig, Erik"]
[Result "1/2-1/2"]
[WhiteElo "2247"]
[BlackElo "2377"]
[PlyCount "43"]
[EventDate "2003.06.29"]
[SourceDate "2003.06.29"]

1. d4 Nf6 2. c4 c5 3. d5 b5 4. cxb5 a6 5. b6 e6 6. Nc3 Nxd5 7. Nxd5 exd5 8.
Qxd5 Nc6 9. Nf3 Rb8 10. e4 Qf6 11. Bc4 Qe6 12. O-O Be7 13. Bd2 Rxb6 14. b3 O-O
15. Qh5 Qxe4 16. Rfe1 Qg6 17. Qxg6 hxg6 18. Bg5 Bf6 19. Rad1 Nd4 20. Nxd4 Bxg5
21. Nf3 Bf6 22. Ne5 1/2-1/2

[Event "SweCh MElit"]
[Site "Umeå, Sweden"]
[Date "2003.07.08"]
[Round "9"]
[White "Hamark, Jesper"]
[Black "Couso, Luis"]
[Result "1/2-1/2"]
[WhiteElo "2350"]
[BlackElo "2394"]
[PlyCount "61"]
[EventDate "2003.06.29"]
[SourceDate "2003.06.29"]

1. c4 e5 2. Nc3 Nf6 3. Nf3 Nc6 4. a3 g6 5. d4 exd4 6. Nxd4 Bg7 7. Bg5 h6 8. Bh4
O-O 9. e3 d6 10. Be2 Re8 11. O-O Nxd4 12. exd4 Bf5 13. Bd3 Qd7 14. Bxf6 Bxf6
15. Nd5 Bd8 16. Bxf5 Qxf5 17. Re1 Rxe1+ 18. Qxe1 Qd7 19. Qe4 c6 20. Nf4 Ba5 21.
Qd3 Re8 22. b4 Bb6 23. g3 Qe7 24. Nxg6 fxg6 25. Qxg6+ Kh8 26. Qxh6+ Qh7 27.
Qxd6 Qg7 28. Qf4 Qxd4 29. Qh6+ Kg8 30. Qg6+ Kf8 31. Qf5+ 1/2-1/2

[Event "SweCh MElit"]
[Site "Umeå, Sweden"]
[Date "2003.07.08"]
[Round "9"]
[White "Jonsson, Mikael"]
[Black "Winge, Stefan"]
[Result "1-0"]
[WhiteElo "2314"]
[BlackElo "2278"]
[PlyCount "57"]
[EventDate "2003.06.29"]
[SourceDate "2003.06.29"]

1. e4 c5 2. Nf3 Nc6 3. d4 cxd4 4. Nxd4 Nf6 5. Nc3 e5 6. Nde2 Bb4 7. a3 Ba5 8.
Bg5 Ne7 9. b4 Bb6 10. Bxf6 gxf6 11. Qd6 Rg8 12. Qxf6 d6 13. Rd1 Be6 14. f4 Rc8
15. fxe5 d5 16. Nb5 Rxc2 17. Ned4 Rb2 18. Nd6+ Kd7 19. Nxf7 Bxf7 20. e6+ Kc8
21. exf7 Rf8 22. Rc1+ Kb8 23. Ne6 Qd6 24. Nxf8 Bf2+ 25. Kd1 Qd8 26. Ne6 Qd7 27.
f8=Q+ Nc8 28. Qf4+ Ka8 29. Rxc8+ 1-0

[Event "SweCh MElit"]
[Site "Umeå, Sweden"]
[Date "2003.07.08"]
[Round "9"]
[White "Nygren, Kim"]
[Black "Eriksson, Anders"]
[Result "1-0"]
[WhiteElo "2311"]
[BlackElo "2334"]
[PlyCount "81"]
[EventDate "2003.06.29"]
[SourceDate "2003.06.29"]

1. e4 c6 2. d4 d5 3. e5 Bf5 4. Nc3 e6 5. g4 Bg6 6. Nge2 f6 7. Nf4 fxe5 8. Nxe6
Qe7 9. Nxf8 exd4+ 10. Be2 dxc3 11. Nxg6 hxg6 12. Qd4 Nd7 13. bxc3 Ngf6 14. h4
c5 15. Qe3 Ne5 16. Ba3 Nexg4 17. Qxe7+ Kxe7 18. Bxc5+ Kf7 19. O-O-O Rac8 20.
Bd4 Nh6 21. h5 g5 22. Bd3 b6 23. Rde1 Rhd8 24. Bg6+ Kf8 25. Re6 Rc7 26. Rhe1
Nhg8 27. f3 Re7 28. Kb2 Rxe6 29. Rxe6 g4 30. fxg4 Nxg4 31. Rc6 N4f6 32. Rc7 Rd7
33. Rc8+ Ke7 34. Kb3 Ke6 35. Rc6+ Ke7 36. Bf5 Rb7 37. Bc8 Rb8 38. Be5 Ra8 39.
Rc7+ Kf8 40. Bd6+ Ke8 41. Be6 1-0

[Event "SweCh MElit"]
[Site "Umeå, Sweden"]
[Date "2003.07.08"]
[Round "9"]
[White "Lindgren, Fredrik"]
[Black "Sixtensson, Mikael"]
[Result "1-0"]
[WhiteElo "2306"]
[BlackElo "2257"]
[PlyCount "57"]
[EventDate "2003.06.29"]
[SourceDate "2003.06.29"]

1. e4 c5 2. Nf3 Nc6 3. d4 cxd4 4. Nxd4 g6 5. Nc3 Bg7 6. Be3 Nf6 7. Bc4 O-O 8.
Bb3 Qa5 9. O-O Ng4 10. Qxg4 Nxd4 11. Nd5 e6 12. Ne7+ Kh8 13. Qh4 Nc6 14. c3 Re8
15. Bg5 Qc5 16. Nxc8 Rexc8 17. Rad1 Ne5 18. Kh1 d6 19. f4 Nc4 20. Rd3 f5 21.
Rh3 h5 22. Bf6 Rc7 23. Qg5 Rf8 24. Bd4 Bxd4 25. cxd4 Qxd4 26. Qh6+ Kg8 27.
Qxg6+ Qg7 28. Qxe6+ Qf7 29. Qh6 1-0

[Event "SweCh MElit"]
[Site "Umeå, Sweden"]
[Date "2003.07.08"]
[Round "9"]
[White "Vernersson, Per"]
[Black "Larsson, Victor"]
[Result "1-0"]
[WhiteElo "2438"]
[BlackElo "2093"]
[PlyCount "69"]
[EventDate "2003.06.29"]
[SourceDate "2003.06.29"]

1. d4 d5 2. c4 e6 3. Nf3 Nf6 4. Nc3 Be7 5. Bf4 O-O 6. e3 Nh5 7. Bg3 g6 8. Qc2
b6 9. a3 Bb7 10. Rd1 Nd7 11. Be2 Re8 12. O-O Nxg3 13. hxg3 Nf6 14. Ne5 a6 15.
Bf3 Qd6 16. Nd3 Ne4 17. b4 Bf6 18. Nf4 Nxc3 19. Qxc3 c5 20. bxc5 bxc5 21. cxd5
cxd4 22. exd4 Bxd5 23. Bxd5 exd5 24. Rfe1 Rac8 25. Qd3 Rxe1+ 26. Rxe1 Rc4 27.
Re8+ Kg7 28. Qf3 Rxd4 29. Qg4 Rc4 30. Kh2 Be5 31. Nh5+ Kh6 32. f4 Bf6 33. Rg8
Be7 34. Ng7 g5 35. Qh5# 1-0

[Event "SweCh MElit"]
[Site "Umeå, Sweden"]
[Date "2003.07.08"]
[Round "9"]
[White "Engström, Kaj"]
[Black "Rygaard, Michael"]
[Result "1/2-1/2"]
[WhiteElo "2361"]
[BlackElo "2335"]
[PlyCount "87"]
[EventDate "2003.06.29"]
[SourceDate "2003.06.29"]

1. e4 c6 2. Nc3 d5 3. d4 dxe4 4. Nxe4 Nd7 5. Bc4 Ngf6 6. Nxf6+ Nxf6 7. c3 Qc7
8. Qb3 e6 9. Bg5 Bd6 10. Ne2 b6 11. Bxf6 gxf6 12. O-O-O Bb7 13. Rhe1 O-O-O 14.
g3 Kb8 15. Kb1 Ka8 16. Nc1 Rdg8 17. Bf1 c5 18. d5 e5 19. Re4 f5 20. Ra4 Rg4 21.
Be2 Rxa4 22. Qxa4 h5 23. Bb5 Kb8 24. c4 e4 25. Ne2 h4 26. Nc3 hxg3 27. hxg3 Rh2
28. Bd7 Bc8 29. Bxc8 Qxc8 30. Rf1 a6 31. g4 Be5 32. gxf5 Bxc3 33. bxc3 Ka7 34.
Ka1 Qxf5 35. Qc6 Qe5 36. Qd7+ Ka8 37. Qc6+ Ka7 38. Qd7+ Ka8 39. Kb2 e3 40. Qc6+
Ka7 41. Qd7+ Ka8 42. Qc8+ Ka7 43. Qd7+ Ka8 44. Qc8+ 1/2-1/2

[Event "SweCh MElit"]
[Site "Umeå, Sweden"]
[Date "2003.07.09"]
[Round "10"]
[White "Malmstig, Erik"]
[Black "Hamark, Jesper"]
[Result "0-1"]
[WhiteElo "2377"]
[BlackElo "2350"]
[PlyCount "72"]
[EventDate "2003.06.29"]
[SourceDate "2003.06.29"]

1. d4 Nf6 2. Nf3 e6 3. g3 c5 4. c3 b6 5. Bg2 Bb7 6. O-O Be7 7. Nbd2 Qc7 8. Re1
Ne4 9. Nf1 O-O 10. Ne5 d6 11. Nd3 d5 12. Bf4 Bd6 13. Rc1 Nd7 14. Ne3 Bxf4 15.
gxf4 f6 16. c4 dxc4 17. Nxc4 b5 18. Nd2 Nxd2 19. Nxc5 Bxg2 20. Nxe6 Qb7 21.
Nxf8 Bh3 22. e4 Nxf8 23. Qxd2 Re8 24. d5 Ng6 25. Qe3 Bf5 26. Qf3 Bd7 27. Rc5
Qb8 28. f5 Ne5 29. Qg3 b4 30. Rec1 Qb6 31. f4 Nf7 32. Kh1 Rxe4 33. Rg1 Kf8 34.
Qxg7+ Ke7 35. Rc2 Bxf5 36. Rcg2 Re3 0-1

[Event "SweCh MElit"]
[Site "Umeå, Sweden"]
[Date "2003.07.09"]
[Round "10"]
[White "Winge, Stefan"]
[Black "Eriksson, Anders"]
[Result "1/2-1/2"]
[WhiteElo "2278"]
[BlackElo "2334"]
[PlyCount "82"]
[EventDate "2003.06.29"]
[SourceDate "2003.06.29"]

1. e4 c5 2. Nf3 e6 3. d4 cxd4 4. Nxd4 Nc6 5. Nc3 a6 6. Nxc6 bxc6 7. Bd3 d5 8.
O-O Nf6 9. Kh1 Be7 10. Bd2 O-O 11. f4 Nd7 12. e5 Nc5 13. Be2 Rb8 14. b3 f5 15.
exf6 Bxf6 16. Rb1 e5 17. b4 Ne6 18. fxe5 Bxe5 19. Rxf8+ Qxf8 20. Na4 Nf4 21.
Bg4 Bf5 22. Nc5 Bxg4 23. Qxg4 Qxc5 24. Bxf4 Bxf4 25. Qxf4 Rf8 26. Qd2 Qf2 27.
Qd3 Re8 28. h3 Re1+ 29. Rxe1 Qxe1+ 30. Kh2 Qxb4 31. Qxa6 Qf4+ 32. Kh1 Qc1+ 33.
Kh2 Qxc2 34. a4 h6 35. a5 d4 36. Qb6 d3 37. a6 d2 38. a7 Qa4 39. Qd8+ Kf7 40.
Qd7+ Kf6 41. Qxd2 Qxa7 1/2-1/2

[Event "SweCh MElit"]
[Site "Umeå, Sweden"]
[Date "2003.07.09"]
[Round "10"]
[White "Sixtensson, Mikael"]
[Black "Engström, Kaj"]
[Result "0-1"]
[WhiteElo "2257"]
[BlackElo "2361"]
[PlyCount "68"]
[EventDate "2003.06.29"]
[SourceDate "2003.06.29"]

1. Nf3 Nc6 2. g3 e5 3. d3 Bc5 4. Bg2 Nf6 5. O-O d6 6. c3 Bb6 7. Na3 h6 8. Nc4
Be6 9. Nfd2 Qd7 10. a4 d5 11. a5 Bc5 12. Nxe5 Nxe5 13. d4 Bd6 14. dxe5 Bxe5 15.
a6 b6 16. Nc4 Bd6 17. Nxd6+ Qxd6 18. Bf4 Qd7 19. c4 Rd8 20. cxd5 Bxd5 21. e4
Be6 22. Qc2 c5 23. Rfd1 Qe7 24. Rxd8+ Qxd8 25. Rd1 Qc8 26. Bd6 Qxa6 27. e5 Nd7
28. f4 Qc4 29. Qf2 Bg4 30. Bf3 Bf5 31. Bg2 Qc2 32. Qf3 Be4 33. Qxe4 Qxd1+ 34.
Kf2 Qd4+ 0-1

[Event "SweCh MElit"]
[Site "Umeå, Sweden"]
[Date "2003.07.09"]
[Round "10"]
[White "Jonsson, Mikael"]
[Black "Lundin, Anders"]
[Result "1-0"]
[WhiteElo "2314"]
[BlackElo "2247"]
[PlyCount "57"]
[EventDate "2003.06.29"]
[SourceDate "2003.06.29"]

1. e4 c5 2. Nf3 Nc6 3. d4 cxd4 4. Nxd4 Nf6 5. Nc3 e5 6. Ndb5 d6 7. Bg5 a6 8.
Na3 b5 9. Bxf6 gxf6 10. Nd5 f5 11. Bd3 Be6 12. O-O Bxd5 13. exd5 Ne7 14. c3 Bg7
15. Qh5 e4 16. Bc2 O-O 17. Rae1 Qc8 18. Bb3 Ng6 19. f4 a5 20. Kh1 b4 21. cxb4
a4 22. Bd1 Bxb2 23. Nc2 Qc4 24. g4 Kh8 25. gxf5 Ne7 26. Ne3 Qd4 27. Rg1 Nxd5
28. Nxd5 Qxd5 29. Re3 1-0

[Event "SweCh MElit"]
[Site "Umeå, Sweden"]
[Date "2003.07.09"]
[Round "10"]
[White "Larsson, Victor"]
[Black "Lindgren, Fredrik"]
[Result "0-1"]
[WhiteElo "2093"]
[BlackElo "2306"]
[PlyCount "80"]
[EventDate "2003.06.29"]
[SourceDate "2003.06.29"]

1. d4 d5 2. Nf3 Nf6 3. Bf4 g6 4. e3 Bg7 5. Nbd2 O-O 6. Bd3 Nh5 7. Bg5 c5 8. c3
Qc7 9. O-O h6 10. Bh4 cxd4 11. cxd4 Nc6 12. Rc1 Qd6 13. Qb3 Bd7 14. Rc5 g5 15.
Bg3 Nxg3 16. hxg3 e6 17. Rfc1 b6 18. R5c3 g4 19. Nh2 f5 20. Qa3 Nb4 21. Rc7
Rfc8 22. Rxc8+ Rxc8 23. Rxc8+ Bxc8 24. Bb1 a5 25. Qc3 Qc6 26. f4 Ba6 27. Qxc6
Nxc6 28. Nb3 Kf7 29. Nf1 a4 30. Nc1 Nxd4 31. Kf2 Nc6 32. b3 a3 33. Nd3 Bc3 34.
Bc2 Ke7 35. Nc1 Nb4 36. Bb1 Kd6 37. Ne2 Bb2 38. Nd4 Bxd4 39. exd4 Bxf1 40. Kxf1
Nc6 0-1

[Event "SweCh MElit"]
[Site "Umeå, Sweden"]
[Date "2003.07.09"]
[Round "10"]
[White "Couso, Luis"]
[Black "Vernersson, Per"]
[Result "1-0"]
[WhiteElo "2394"]
[BlackElo "2438"]
[PlyCount "105"]
[EventDate "2003.06.29"]
[SourceDate "2003.06.29"]

1. e4 c6 2. d4 d5 3. e5 Bf5 4. Nf3 e6 5. Be2 Nd7 6. O-O Ne7 7. Be3 c5 8. c4
cxd4 9. Nxd4 dxc4 10. Bxc4 a6 11. f4 Rc8 12. Be2 Bxb1 13. Rxb1 Nd5 14. Bc1 Qb6
15. Kh1 Nc5 16. Qc2 Nb4 17. Qc4 Rc7 18. Be3 Ncd3 19. Qb3 Bc5 20. Qa4+ Ke7 21.
f5 Bxd4 22. f6+ gxf6 23. exf6+ Kd8 24. Bxd4 Qxd4 25. Bxd3 b5 26. Bxb5 axb5 27.
Qa8+ Rc8 28. Qa5+ Ke8 29. Qxb5+ Nc6 30. Rbc1 Qd5 31. Rc5 Qd6 32. Rfc1 Kd7 33.
Qa4 Ra8 34. Qxc6+ Qxc6 35. Rxc6 Rxa2 36. Rc7+ Kd6 37. Rxf7 Rxb2 38. Rd1+ Ke5
39. Re1+ Kf5 40. Rf1+ Ke5 41. g4 h6 42. Rg7 Rb4 43. f7 Rf8 44. Rg8 Rbb8 45.
Rxf8 Rxf8 46. h4 Kd6 47. g5 hxg5 48. hxg5 Ke7 49. g6 Rh8+ 50. Kg2 Kf8 51. Rf6
Kg7 52. Rxe6 Rh6 53. Kg3 1-0

[Event "SweCh MElit"]
[Site "Umeå, Sweden"]
[Date "2003.07.09"]
[Round "10"]
[White "Rygaard, Michael"]
[Black "Nygren, Kim"]
[Result "0-1"]
[WhiteElo "2335"]
[BlackElo "2311"]
[PlyCount "96"]
[EventDate "2003.06.29"]
[SourceDate "2003.06.29"]

1. d4 Nf6 2. Nf3 g6 3. Bg5 Bg7 4. Nbd2 O-O 5. e4 d6 6. Bd3 c5 7. c3 cxd4 8.
cxd4 Nc6 9. h3 Qa5 10. Be3 d5 11. e5 Ne4 12. O-O Nxd2 13. Bxd2 Qb6 14. Bc3 Bh6
15. Qe1 a5 16. Rd1 Nb4 17. Bb1 Bd7 18. a3 Na6 19. Kh1 Nc7 20. Bd2 Bg7 21. Qe3
Bb5 22. Rfe1 Ne6 23. Bc3 Ba4 24. Rc1 Bb3 25. Nh2 Rfc8 26. f4 Bh6 27. Rf1 Rc6
28. Ng4 Bg7 29. f5 gxf5 30. Rxf5 Bc4 31. Nh6+ Bxh6 32. Qxh6 Ng7 33. Rf6 exf6
34. Qxh7+ Kf8 35. Qh8+ Ke7 36. Qxa8 fxe5 37. Re1 e4 38. Bxa5 Qxb2 39. Bb4+ Kd7
40. Qxb7+ Rc7 41. Qb6 Nf5 42. Ba5 Qxb6 43. Bxb6 Rb7 44. Bc5 Rb2 45. Rc1 Bd3 46.
Bxd3 exd3 47. Rd1 d2 48. Bb4 Ne3 0-1

[Event "SweCh MElit"]
[Site "Umeå, Sweden"]
[Date "2003.07.10"]
[Round "11"]
[White "Vernersson, Per"]
[Black "Malmstig, Erik"]
[Result "1-0"]
[WhiteElo "2438"]
[BlackElo "2377"]
[PlyCount "61"]
[EventDate "2003.06.29"]
[SourceDate "2003.06.29"]

1. d4 Nf6 2. c4 e6 3. Nf3 b6 4. a3 Bb7 5. Nc3 d5 6. cxd5 exd5 7. Bg5 Be7 8. e3
O-O 9. Be2 h6 10. Bh4 a5 11. O-O Na6 12. Ne5 Nd7 13. Bxe7 Qxe7 14. Nd3 c6 15.
Bf3 f5 16. g3 Nc7 17. b4 b5 18. Ne2 a4 19. Nef4 Qd6 20. Ne5 Nb6 21. Be2 Bc8 22.
Qc2 Bd7 23. Qc5 Rf6 24. Qxb6 Na6 25. Rac1 g5 26. Nxd7 Qxd7 27. Nd3 Rb8 28. Qxa6
Qc7 29. Ne5 Rb6 30. Qa8+ Rb8 31. Rxc6 1-0

[Event "SweCh MElit"]
[Site "Umeå, Sweden"]
[Date "2003.07.10"]
[Round "11"]
[White "Nygren, Kim"]
[Black "Sixtensson, Mikael"]
[Result "1-0"]
[WhiteElo "2311"]
[BlackElo "2257"]
[PlyCount "59"]
[EventDate "2003.06.29"]
[SourceDate "2003.06.29"]

1. e4 e6 2. d4 d5 3. Nc3 Bb4 4. e5 c5 5. a3 Bxc3+ 6. bxc3 Ne7 7. h4 Nbc6 8. Nf3
Qc7 9. h5 h6 10. Be2 Bd7 11. Rh4 Rc8 12. Bd2 a6 13. Rb1 cxd4 14. cxd4 Na5 15.
Bb4 Ba4 16. Bd3 Nf5 17. Rf4 Nc4 18. g4 Nxd4 19. Nxd4 Qxe5+ 20. Ne2 Nb2 21. Rxb2
Qxb2 22. Nd4 e5 23. Nf5 Bxc2 24. Nxg7+ Kd8 25. Rxf7 Qxb4+ 26. axb4 Bxd1 27.
Ne6+ Ke8 28. Bg6 Bc2 29. Rh7+ Bxg6 30. Rxh8+ 1-0

[Event "SweCh MElit"]
[Site "Umeå, Sweden"]
[Date "2003.07.10"]
[Round "11"]
[White "Eriksson, Anders"]
[Black "Rygaard, Michael"]
[Result "1-0"]
[WhiteElo "2334"]
[BlackElo "2335"]
[PlyCount "83"]
[EventDate "2003.06.29"]
[SourceDate "2003.06.29"]

1. Nf3 Nf6 2. g3 g6 3. Bg2 Bg7 4. c4 c6 5. O-O O-O 6. d3 d5 7. Nbd2 Re8 8. Qc2
e5 9. e4 dxe4 10. dxe4 c5 11. Nb3 Qe7 12. Bg5 Nc6 13. Rad1 Nd4 14. Nfxd4 exd4
15. Nc1 h6 16. Bxf6 Bxf6 17. Nd3 Bg7 18. f4 f6 19. a3 Kh7 20. b4 b6 21. bxc5
bxc5 22. Rb1 Bb7 23. Rfe1 Qc7 24. Rb5 Bf8 25. e5 Rab8 26. Reb1 Bxg2 27. Qxg2
Rxb5 28. Rxb5 Rb8 29. exf6 Rxb5 30. cxb5 c4 31. Ne5 d3 32. Qe4 d2 33. Qc2 c3
34. Kg2 d1=Q 35. Qxd1 c2 36. Qd3 c1=Q 37. Qxg6+ Kh8 38. Nf7+ Qxf7 39. Qxf7 Qxa3
40. Kh3 Qd6 41. Kh4 Qb4 42. Kh5 1-0

[Event "SweCh MElit"]
[Site "Umeå, Sweden"]
[Date "2003.07.10"]
[Round "11"]
[White "Engström, Kaj"]
[Black "Larsson, Victor"]
[Result "1-0"]
[WhiteElo "2361"]
[BlackElo "2093"]
[PlyCount "87"]
[EventDate "2003.06.29"]
[SourceDate "2003.06.29"]

1. e4 c5 2. Nf3 Nc6 3. d4 cxd4 4. Nxd4 g6 5. Bc4 Bg7 6. Ne2 Nf6 7. Nbc3 Qa5 8.
O-O O-O 9. Bb3 b5 10. Ng3 h5 11. Re1 Bb7 12. Bd2 Ne5 13. Nd5 Qd8 14. Nxf6+ Bxf6
15. Bh6 Bg7 16. Bxg7 Kxg7 17. Qd4 f6 18. Bd5 Qc7 19. Bxb7 Qxb7 20. f4 Nc6 21.
Qd2 Qb6+ 22. Kh1 h4 23. Nf1 d6 24. h3 Rac8 25. Red1 Na5 26. b3 Nb7 27. Rac1 Nc5
28. Re1 b4 29. Nh2 Qb7 30. Qd4 Ne6 31. Qd5 Qxd5 32. exd5 Nxf4 33. Rxe7+ Rf7 34.
Re4 g5 35. Rxb4 Ne2 36. Re1 Rxc2 37. Ra4 Nf4 38. Nf3 Nxg2 39. Rg1 Nf4 40. Rxf4
Rxa2 41. Nd4 Kh7 42. Rf3 Rd2 43. Ne6 Rxd5 44. Nxg5+ 1-0

[Event "SweCh MElit"]
[Site "Umeå, Sweden"]
[Date "2003.07.10"]
[Round "11"]
[White "Lundin, Anders"]
[Black "Winge, Stefan"]
[Result "1-0"]
[WhiteElo "2247"]
[BlackElo "2278"]
[PlyCount "113"]
[EventDate "2003.06.29"]
[SourceDate "2003.06.29"]

1. Nf3 d5 2. d4 Nf6 3. c4 g6 4. cxd5 Nxd5 5. e4 Nb6 6. h3 Bg7 7. Nc3 O-O 8. Be2
Nc6 9. Be3 Bd7 10. O-O e5 11. d5 Ne7 12. Qb3 Qb8 13. d6 cxd6 14. Bxb6 axb6 15.
Qxb6 h6 16. Rfd1 Bc6 17. Qb4 f5 18. Qxd6 Qxd6 19. Rxd6 fxe4 20. Nd2 Nf5 21.
Rxg6 e3 22. fxe3 Nxe3 23. Bf3 Kh7 24. Re6 Nc2 25. Bxc6 bxc6 26. Rf1 Nd4 27.
Rxf8 Rxf8 28. Re7 Rd8 29. Nc4 Nf5 30. Rc7 e4 31. Nxe4 Rd4 32. Ned2 Rf4 33. Ne5
Rd4 34. Nef3 Rd6 35. Kf2 Kg6 36. Nc4 Re6 37. Rxc6 Rxc6 38. Nfe5+ Kg5 39. Nxc6
Bf8 40. b4 Kf4 41. Nd2 Nd6 42. a4 Kf5 43. a5 Nb5 44. a6 Bg7 45. Kf3 Ke6 46. a7
Nxa7 47. Nxa7 Bc3 48. Ne4 Bxb4 49. Kg4 Kf7 50. Kh5 Kg7 51. g4 Ba3 52. Nb5 Bc1
53. Nbd6 Kh7 54. Nf5 Bf4 55. Nf6+ Kh8 56. Kg6 Bg5 57. Nd6 1-0

[Event "SweCh MElit"]
[Site "Umeå, Sweden"]
[Date "2003.07.10"]
[Round "11"]
[White "Lindgren, Fredrik"]
[Black "Couso, Luis"]
[Result "0-1"]
[WhiteElo "2306"]
[BlackElo "2394"]
[PlyCount "150"]
[EventDate "2003.06.29"]
[SourceDate "2003.06.29"]

1. e4 e6 2. d4 d5 3. Nd2 dxe4 4. Nxe4 Bd7 5. Nf3 Bc6 6. Bd3 Nd7 7. O-O Ngf6 8.
Qe2 Bxe4 9. Bxe4 c6 10. c4 Be7 11. Bd2 O-O 12. Bc3 a5 13. Rfd1 Bb4 14. Rac1 Re8
15. Bb1 Qc7 16. Ne5 Rad8 17. Re1 c5 18. Nxd7 Rxd7 19. d5 Bxc3 20. Rxc3 Rde7 21.
Re3 Kf8 22. dxe6 Rxe6 23. Qf3 Rxe3 24. Rxe3 Rxe3 25. Qxe3 Ng4 26. Qe4 Qxh2+ 27.
Kf1 Nf6 28. Qf5 Qd6 29. Bc2 Qd4 30. g3 Qxc4+ 31. Bd3 Qd5 32. Qc8+ Ke7 33. Bb5
Ne4 34. Qc7+ Kf6 35. Qf4+ Qf5 36. Qe3 Nd6 37. Bd3 Qe5 38. Qf3+ Ke7 39. b3 h5
40. Kg1 g6 41. a4 Qd4 42. Kg2 Ke6 43. Kh2 Qd5 44. Qe2+ Kf6 45. Qc2 Kg7 46. Qb2+
Qd4 47. Qe2 h4 48. Qc2 Ne8 49. Be4 hxg3+ 50. fxg3 b6 51. Qe2 Nf6 52. Bf3 Qc3
53. Qd1 c4 54. bxc4 Qxc4 55. Qa1 b5 56. axb5 Qxb5 57. g4 Qg5 58. Qd4 Qb5 59.
Kg3 a4 60. Qc3 Qb8+ 61. Kg2 Qb3 62. Qe5 a3 63. g5 Qb2+ 64. Qxb2 axb2 65. gxf6+
Kxf6 66. Be4 Ke5 67. Kf3 f5 68. Bb1 g5 69. Bc2 f4 70. Bb1 Kd4 71. Be4 Kc3 72.
Ke2 g4 73. Bg6 g3 74. Ke1 f3 75. Bf5 g2 0-1

[Event "SweCh MElit"]
[Site "Umeå, Sweden"]
[Date "2003.07.10"]
[Round "11"]
[White "Hamark, Jesper"]
[Black "Jonsson, Mikael"]
[Result "1/2-1/2"]
[WhiteElo "2350"]
[BlackElo "2314"]
[PlyCount "129"]
[EventDate "2003.06.29"]
[SourceDate "2003.06.29"]

1. d4 Nf6 2. Bg5 Ne4 3. Bf4 d5 4. e3 c5 5. Bd3 Nf6 6. c3 Nc6 7. Nd2 e6 8. Ngf3
Bd6 9. Ne5 Qc7 10. Nxc6 bxc6 11. Bxd6 Qxd6 12. f4 cxd4 13. cxd4 c5 14. Qa4+ Bd7
15. Qa3 O-O 16. O-O Qb8 17. dxc5 Bb5 18. Bxb5 Qxb5 19. Rac1 Rfc8 20. Qb3 Rxc5
21. Qxb5 Rxb5 22. Rc2 g6 23. Rfc1 Rb7 24. Kf2 Kg7 25. Ke2 Re8 26. Nf3 Ree7 27.
b3 Ne4 28. Rc6 h6 29. Nd2 Nxd2 30. Kxd2 Kf6 31. Kd3 Red7 32. g3 h5 33. R1c2 Kf5
34. h3 Kf6 35. Rc8 Kf5 36. R2c6 Kf6 37. Rc5 Kg7 38. R8c6 Kf6 39. Rc3 Kf5 40.
R6c5 Kf6 41. a3 Rb6 42. b4 Rdb7 43. Kd4 Ra6 44. Kd3 Rab6 45. Ra5 Ke7 46. Rc8
Rd6 47. Ra8 Rdd7 48. b5 Kf6 49. a4 g5 50. Ra6 gxf4 51. gxf4 Kf5 52. Rh8 Kg6 53.
Rg8+ Kf6 54. Rh8 Kg6 55. Rg8+ Kf6 56. Rg5 h4 57. Rh5 Rbc7 58. f5 Rc1 59. fxe6
fxe6 60. Rxh4 Kg5 61. Rh8 d4 62. exd4 e5 63. Rg8+ Kf5 64. Rf8+ Kg5 65. Rg8+
1/2-1/2